Statystyki dla etyka

Kliknij tutaj aby rozwiązać quiz!

Ogólne statystyki

  • Ten quiz został rozwiązany 10 razy
  • Średni wynik to 10 z 18

Statystyki odpowiedzi

ZagadnienieOdpowiedź% Poprawnych
Twórcą etycznej koncepcji złotego środka jestArystoteles
80%
Brak cierpienia jest już przyjemnością to tezaEpikura z Samos
80%
Arystotelesowska teoria slusznego srodka oznacza zeCnota etyczna ujawnia się w postępowaniu umiarkowanym czyli unikającym skrajności
70%
Brak cierpienia już jest przyjemnością. To tezaEpikura
70%
Twórcą utylitaryzmu kierunku etyki normatywnej byłJeremy Bentham
70%
Założenie etyki społecznej Platona znajdują się w jego dziele ptPaństwo
70%
Twórcą starożytnej koncepcji cnót kardynalnych jestPlaton
70%
Rozwój wiedzy etycznej umożliwia człowiekowi czynienie dobra. To tezaSokratesa z Aten
70%
Krytyka praktycznego rozumu praca w ktorej przedstawione założenia formalizmu etycznego to dziełoImmanuela Kanta
60%
Etyka Nikomachejska to dziełoArystotelesa
50%
Kooperatywy i związki przyjaźni to dobrowolne zrzeszenia ktore chcial tworzyćEdward Abramowski
50%
Ja i Ty to dzieło które było bardzo istotne dla rozwojufilozofii dialogu
50%
Filozofia dramatu to koncepcjaJózefa Tischnera
50%
Twórcą etyki opisowej jestMaria Ossowska
50%
Prolegomena do historiozofii i termin historiozofia to osiagniecieAugusta Cieszkowskiego
40%
Czwórmian leczniczy to teoria etycznaEpikura z Samos
40%
Zło nie istnieje jako substancja poniewaz jest tylko brakiem w strukturze dobrej rzeczywistosci. To przekonanieAureliusza Augustyna
30%
Zło jest brakiem dobra, ale realnie nie istnieje. To tezaAureliusza Augustyna
30%

Rozkład punktacji

Percentyl według liczby udzielonych odpowiedzi

Procent ludzi z każdym wynikiem

Twoja historia wyników

Nie rozwiązałeś tego quizu